00708nam a22001937a 450000500170000001000150001702000260003203500140005803700130007208200100008510000240009524500770011926000410019627000900023730000210032794200240034899900190037295201230039120180626170535.0 aENG-123230 a9788182093218c300.00 aEN-106762 bDBAD/PUB a113.8 a Subramoniam, K. R. aRomancing de life: cby K. R. Subramoniamblive smart- live a royal life aChennaibVijay Nicole Imprintsc2012 aNo. 4, First Floor, Velachery-Madipakkam Main Road, Ram Nagar South,bChennaie600029 a322p.c21cm(pbk) 2ddccENmSUBh113.8 c152704d152704 001040718NFICaDBADbZLSd2018-06-15eDBAD/PUBg300.00l0o113.8 SUBpEN-106762r2018-06-14 00:00:00t1v300.00yEN